000 01197nam a2200325 u 4500
001 000020378
003 DO-SdBNP
005 20240305131824.0
007 ta
008 100813s2015 dr 000 0 spa d
020 _a9789945084047
040 _aDO-SdBNP
_bspa
_cBNPHU
_erda
082 4 _a861.64
_bG216y
_222
100 1 _aGarcía Montero, Luis,
_d1958-
_eautor
_914059
245 1 0 _aYo quiero ser diciembre :
_bantología poética /
_cLuis García Montero ; edición Juan Carlos Abril.
264 _aSanto Domingo :
_bBúho,
_c2015.
300 _a259 páginas ;
_c23 cm.
336 _2rdacontent
_atexto
_btxt
337 _2rdamedia
_asin mediación
_bn
338 _2rdacarrier a) volumen b) nc
_avolumen
_bnc
490 0 _aEgro de literatura dominicana contemporánea
500 _aIncluye referencias bibliográficas y notas al pie de las páginas
500 _aIncluye datos biográficos del autor en las solapas
590 _aInventariado, 2023/MFF
650 4 _aPoesía española
_vColecciones
_984054
650 4 _aLiteratura española
_vColecciones
_922380
700 1 _aAbril, Juan Carlos,
_eedición
_943042
910 _aValidado. Control de calidad MFF
942 _2ddc
_cLBS1
999 _c19882
_d19882